000
00305nam a2200109Ia 4500
008
230524s9999 xx 000 0 und d
100
_a
Shyamal Bhattacharjee
_9
36625
245
0
_a
Notable Quotes and Noble Thoughts
500
_a
Quantity Number: 1
650
_a
Personality Development
_9
36626
942
_c
BK
999
_c
50671
_d
50671